000 00548nam a2200229Ia 4500
003 OSt
005 20220928145636.0
006 a|||||r|||| 00| 0
007 ta
008 220927b |||||||| |||| 00| 0 eng d
024 _a81600
037 _cTextual
040 _aSDCL
_cSDCL
_beng
041 _2eng
_aeng
082 _aB2817, L7
100 _aCochran William G
_9466606
245 0 _aSampling techniques.
250 _a3
260 _c1977
942 _hB2817, L7
_cTEXL
_2CC
999 _c834449
_d834449